00494cam a2200157 a 4500020002700000020002700027082001200054100001900066245002400085250001200109260004600121300009200167500003300259500002000292650002400312 a0534373666 (hardcover) a0534373682 (hardcover)00a547 MCM1 aMcMurry, John.10aOrganic chemistry / a5th ed. aPacific Grove, CA :bBrooks/Cole,cc2000. axliii, 1284, 56, 28 p. :bill. (some col.) ;e1 computer laser optical disc (4 3/4 in.) aOne stereo viewer in pocket. aIncludes index. 0aChemistry, Organic.